[Event "Leiden LCT op 1st"]
[Site "Leiden"]
[Date "2007.07.13"]
[Round "1"]
[White "Meijer, Dolf"]
[Black "Van der Bent, Gideon"]
[Result "0-1"]
[WhiteElo "2203"]
[BlackElo "1983"]
[PlyCount "62"]
[EventDate "2007.07.13"]
[EventType "swiss"]
[EventRounds "9"]
[EventCountry "NED"]
[SourceTitle "CBM 119 Extra"]
[Source "ChessBase"]
[SourceDate "2007.09.04"]
[SourceVersion "1"]
[SourceVersionDate "2007.09.04"]
[SourceQuality "1"]

1. e4 c5 2. c3 d5 3. exd5 Qxd5 4. d4 Nc6 5. Be3 cxd4 6. cxd4 e6 7. Nc3 Qa5 8. Bd3 Nf6 9. a3 Nd5 10. Nge2 g6 11. 0-0 Bg7 12. Ne4 0-0 13. Bc4 Qb6 14. b4 Nce7 15. Qb3 Nxe3 16. fxe3 Nf5 17. Rf3 Bd7 18. Raf1 Bc6 19. Bd3 Bd5 20. Qb1 Rac8 21. g4 Bxe4 22. Bxe4 Nd6 23. Bd3 e5 24. dxe5 Bxe5 25. Qe1 Nc4 26. Qf2 Nd2 27. Rxf7 Nxf1 28. Bc4 Rxf7 29. Qxf7+ Kh8 30. Kxf1 Qxe3 31. Be6 Rd8 0-1